Stadtteile im Bergischen Land auf der Karte - Statistiken

Allgemein
  • Dieses Quiz wurde 63 mal gespielt
  • Das Durchschnittsergebnis liegt bei 38 aus 133
Antworten auf der Karte
Die Antworten werden auf der Karte rot bzw. grün angezeigt, abhängig davon wie oft sie richtig erraten wurden.
 
Antwortstatistiken
Gemeinde Landkreis Typ Antwort % Korrekt
Solingen Solingen Stadtteil Burg
92%
Bergisch Gladbach Rheinisch-Bergischer Kreis Stadtteil Stadtmitte
85%
Remscheid Remscheid Stadtbezirk Alt-Remscheid
72%
Solingen Solingen Stadtteil Solingen-Mitte
72%
Kürten Rheinisch-Bergischer Kreis Ortsteil Kürten
68%
Gummersbach Oberbergischer Kreis Gemeinde Gummersbach
66%
Haan Mettmann Stadtteil Haan
62%
Overath Rheinisch-Bergischer Kreis Stadtteil Overath
62%
Wuppertal Wuppertal Stadtbezirk Barmen
60%
Odenthal Rheinisch-Bergischer Kreis Ortsteil Odenthal
60%
Wipperfürth Oberbergischer Kreis Ortsteil Wipperfürth
60%
Bergisch Gladbach Rheinisch-Bergischer Kreis Stadtteil Bensberg
58%
Wuppertal Wuppertal Stadtbezirk Elberfeld
58%
Rösrath Rheinisch-Bergischer Kreis Stadtteil Rösrath
58%
Burscheid Rheinisch-Bergischer Kreis Gemeinde Burscheid
57%
Wermelskirchen Rheinisch-Bergischer Kreis Stadtteil Wermelskirchen
57%
Lindlar Oberbergischer Kreis Ortsteil Lindlar
55%
Wuppertal Wuppertal Stadtbezirk Oberbarmen
55%
Engelskirchen Oberbergischer Kreis Gemeinde Engelskirchen
53%
Mettmann Mettmann Stadtteil Mettmann
51%
Wuppertal Wuppertal Stadtbezirk Vohwinkel
51%
Bergisch Gladbach Rheinisch-Bergischer Kreis Stadtteil Alt Refrath
49%
Hückeswagen Oberbergischer Kreis Gemeinde Hückeswagen
49%
Radevormwald Oberbergischer Kreis Gemeinde Radevormwald
49%
Bergisch Gladbach Rheinisch-Bergischer Kreis Stadtteil Refrath
49%
Leichlingen Rheinisch-Bergischer Kreis Gemeinde Leichlingen
45%
Solingen Solingen Stadtteil Wald
45%
Kürten Rheinisch-Bergischer Kreis Ortsteil Bechen
43%
Bergneustadt Oberbergischer Kreis Gemeinde Bergneustadt
42%
Wuppertal Wuppertal Stadtbezirk Cronenberg
40%
Bergisch Gladbach Rheinisch-Bergischer Kreis Stadtteil Frankenforst
40%
Velbert Mettmann Stadtbezirk Velbert-Mitte
40%
Wiehl Oberbergischer Kreis Gemeinde Wiehl
40%
Remscheid Remscheid Stadtbezirk Lennep
38%
Marienheide Oberbergischer Kreis Gemeinde Marienheide
38%
Wuppertal Wuppertal Stadtbezirk Langerfeld-Beyenburg
36%
Nümbrecht Oberbergischer Kreis Gemeinde Nümbrecht
36%
Kürten Rheinisch-Bergischer Kreis Ortsteil Olpe
36%
Wuppertal Wuppertal Stadtbezirk Ronsdorf
36%
Heiligenhaus Mettmann Gemeinde Heiligenhaus
34%
Overath Rheinisch-Bergischer Kreis Stadtteil Heiligenhaus
34%
Bergisch Gladbach Rheinisch-Bergischer Kreis Stadtteil Herkenrath
34%
Hilden Mettmann Gemeinde Hilden
34%
Lohmar Rhein-Sieg-Kreis Ehm. Gemeinde Lohmar
34%
Much Rhein-Sieg-Kreis Gemeinde Much
34%
Reichshof Oberbergischer Kreis Gemeinde Reichshof
34%
Waldbröl Oberbergischer Kreis Gemeinde Waldbröl
34%
Odenthal Rheinisch-Bergischer Kreis Ortsteil Altenberg
32%
Overath Rheinisch-Bergischer Kreis Stadtteil Untereschbach
32%
Wermelskirchen Rheinisch-Bergischer Kreis Stadtteil Dabringhausen
30%
Wermelskirchen Rheinisch-Bergischer Kreis Stadtteil Dhünn
30%
Kürten Rheinisch-Bergischer Kreis Ortsteil Dürscheid
30%
Erkrath Mettmann Gemeinde Erkrath
30%
Hennef (Sieg) Rhein-Sieg-Kreis Gemeinde Hennef (Sieg)
30%
Bergisch Gladbach Rheinisch-Bergischer Kreis Stadtteil Moitzfeld
30%
Ruppichteroth Rhein-Sieg-Kreis Gemeinde Ruppichteroth
30%
Neunkirchen-Seelscheid Rhein-Sieg-Kreis Ehm. Gemeinde Neunkirchen
28%
Wipperfürth Oberbergischer Kreis Ortsteil Ohl
28%
Bergisch Gladbach Rheinisch-Bergischer Kreis Stadtteil Paffrath
28%
Bergisch Gladbach Rheinisch-Bergischer Kreis Stadtteil Schildgen
28%
Wuppertal Wuppertal Stadtbezirk Uellendahl-Katernberg
28%
Bergisch Gladbach Rheinisch-Bergischer Kreis Stadtteil Hand
26%
Morsbach Oberbergischer Kreis Gemeinde Morsbach
26%
Bergisch Gladbach Rheinisch-Bergischer Kreis Stadtteil Sand
26%
Wülfrath Mettmann Stadtteil Wülfrath
26%
Wuppertal Wuppertal Stadtbezirk Elberfeld-West
23%
Rösrath Rheinisch-Bergischer Kreis Stadtteil Forsbach
23%
Haan Mettmann Stadtteil Gruiten
23%
Overath Rheinisch-Bergischer Kreis Stadtteil Immekeppel
23%
Remscheid Remscheid Stadtbezirk Lüttringhausen
23%
Velbert Mettmann Stadtbezirk Neviges
23%
Windeck Rhein-Sieg-Kreis Ortsteil Altwindeck
21%
Eitorf Rhein-Sieg-Kreis Gemeinde Eitorf
21%
Bergisch Gladbach Rheinisch-Bergischer Kreis Stadtteil Gronau
21%
Rösrath Rheinisch-Bergischer Kreis Stadtteil Hoffnungsthal
21%
Bergisch Gladbach Rheinisch-Bergischer Kreis Stadtteil Kippekausen
21%
Bergisch Gladbach Rheinisch-Bergischer Kreis Stadtteil Lustheide
21%
Wipperfürth Oberbergischer Kreis Ortsteil Wipperfeld
21%
Wülfrath Mettmann Stadtteil Düssel
19%
Bergisch Gladbach Rheinisch-Bergischer Kreis Stadtteil Hebborn
19%
Lindlar Oberbergischer Kreis Ortsteil Hohkeppel
19%
Rösrath Rheinisch-Bergischer Kreis Stadtteil Kleineichen
19%
Wipperfürth Oberbergischer Kreis Ortsteil Kreuzberg
19%
Neunkirchen-Seelscheid Rhein-Sieg-Kreis Ehm. Gemeinde Seelscheid
19%
Wipperfürth Oberbergischer Kreis Ortsteil Thier
19%
Overath Rheinisch-Bergischer Kreis Stadtteil Vilkerath
19%
Wipperfürth Oberbergischer Kreis Ortsteil Agathaberg
17%
Kürten Rheinisch-Bergischer Kreis Ortsteil Biesfeld
17%
Bergisch Gladbach Rheinisch-Bergischer Kreis Stadtteil Bockenberg
17%
Lindlar Oberbergischer Kreis Ortsteil Frielingsdorf
17%
Solingen Solingen Stadtteil Gräfrath
17%
Bergisch Gladbach Rheinisch-Bergischer Kreis Stadtteil Lückerath
17%
Solingen Solingen Stadtteil Ohligs
17%
Remscheid Remscheid Stadtbezirk Remscheid-Süd
17%
Wipperfürth Oberbergischer Kreis Ortsteil Egen
15%
Bergisch Gladbach Rheinisch-Bergischer Kreis Stadtteil Heidkamp
15%
Bergisch Gladbach Rheinisch-Bergischer Kreis Stadtteil Herrenstrunden
15%
Bergisch Gladbach Rheinisch-Bergischer Kreis Stadtteil Kaule
15%
Lindlar Oberbergischer Kreis Ortsteil Linde
15%
Bergisch Gladbach Rheinisch-Bergischer Kreis Stadtteil Romaney
15%
Bergisch Gladbach Rheinisch-Bergischer Kreis Stadtteil Asselborn
13%
Wipperfürth Oberbergischer Kreis Ortsteil Hämmern
13%
Lindlar Oberbergischer Kreis Ortsteil Kapellensüng/Hartegasse
13%
Bergisch Gladbach Rheinisch-Bergischer Kreis Stadtteil Katterbach
13%
Overath Rheinisch-Bergischer Kreis Stadtteil Marialinden
13%
Windeck Rhein-Sieg-Kreis Ortsteil Schladern
13%
Bergisch Gladbach Rheinisch-Bergischer Kreis Stadtteil Bärbroich
11%
Wuppertal Wuppertal Stadtbezirk Heckinghausen
11%
Bergisch Gladbach Rheinisch-Bergischer Kreis Stadtteil Nußbaum
11%
Lindlar Oberbergischer Kreis Ortsteil Schmitzhöhe
11%
Windeck Rhein-Sieg-Kreis Ortsteil Dattenfeld
9%
Windeck Rhein-Sieg-Kreis Ortsteil Herchen
9%
Velbert Mettmann Stadtbezirk Langenberg
9%
Lohmar Rhein-Sieg-Kreis Ehm. Gemeinde Wahlscheid
9%
Solingen Solingen Stadtteil Aufderhöhe
8%
Overath Rheinisch-Bergischer Kreis Stadtteil Brombach
8%
Lohmar Rhein-Sieg-Kreis Ehm. Gemeinde Halberg
8%
Solingen Solingen Stadtteil Höhscheid
8%
Windeck Rhein-Sieg-Kreis Ortsteil Leuscheid
8%
Solingen Solingen Stadtteil Merscheid
8%
Windeck Rhein-Sieg-Kreis Ortsteil Rosbach
8%
Lohmar Rhein-Sieg-Kreis Ehm. Gemeinde Breidt
6%
Wülfrath Mettmann Stadtteil Flandersbach
6%
Lohmar Rhein-Sieg-Kreis Ehm. Gemeinde Inger
6%
Mettmann Mettmann Stadtteil Metzkausen
6%
Kürten Rheinisch-Bergischer Kreis Ortsteil Miebach
6%
Kürten Rheinisch-Bergischer Kreis Ortsteil Offermannsheide
6%
Wülfrath Mettmann Stadtteil Rohdenhaus
6%
Lohmar Rhein-Sieg-Kreis Ehm. Gemeinde Scheiderhöhe
6%
Overath Rheinisch-Bergischer Kreis Stadtteil Steinenbrück
6%
Wülfrath Mettmann Stadtteil Kocherscheidt
4%
Mettmann Mettmann Stadtteil Obschwarzbach
4%
Wülfrath Mettmann Stadtteil Schlupkothen
4%
Keine übereinstimmenden Quizze gefunden
Verteilung der Resultate
Anzahl Personen mit jedem Resultat
Perzentil nach korrekt beantworteten Fragen
Ihre Resultats-Entwicklung
Sie haben dieses Quiz noch nicht gespielt